Zasadnutie exekutívy SLZ

Bibliographic Details
Main Author: (eb) (Author)
Format: Article
Language:Slovak
ISSN:0139-8768
Subjects:

MARC

LEADER 00000nab a2200000 a 4500
001 vtls000798226
003 SK-MaSNL
005 20260302155445.0
008 140402c2002 xo 0 slo
015 |a SNBRB2002/06-20306 
035 |a CLN000149881 
040 |a SNKBUCL  |b slo  |c SNKBUCL  |e AACR2 
041 0 |a slo 
044 |a xo  |c SK 
080 |a 284.1(100):061.25:061.3  |2 1997 
100 0 |a (eb)  |4 aut  |9 853933 
245 1 0 |a Zasadnutie exekutívy SLZ  |c (eb,LWI) 
610 7 |a Svetový luteránsky zväz  |x zasadanie  |2 snkbucl  |9 853934 
610 7 |a Evanjelická cirkev a.v.  |2 snkbucl  |9 32425 
655 7 |a články z novín a časopisov  |2 snkbucl  |9 267496 
773 0 |t Evanjelický posol spod Tatier  |g Roč. 92, č. 25 (2002), s. 1 a 4  |x 0139-8768 
850 |a Slovenská národná knižnica v Martine 
852 |a SNK  |b KIS3GCP 
958 |a SK 
992 |a RBX 
999 |c 1371521  |d 1373451